000 02292nam0a2200421 4500
001 RU\NLR\BIBL_A\022644500
005 20260129122531.0
010 _a978-5-4495-3968-7
_bИзд-во "Планета музыки"
010 _a978-5-507-52980-3
_bИзд-во "Лань"
_950
035 _a(NLR Aleph) 022644500
090 _a13535577
_c13535577
100 _a20251015d2025 u y0rusy50 ca
101 0 _arus
_deng
102 _aRU
105 _aa j 000yy
181 0 _ai
_baxxe
182 0 _an
200 1 _aТеория и история певческой культуры
_eучебное пособие
_eдля студентов музыкальных высших учебных заведений
_fТ. Ю. Гордеева
203 _aТекст
_bвизуальный
_cнепосредственный
205 _aИзд. 2-е, стер.
210 _aСанкт-Петербург [и др.]
_cЛань, Планета музыки
_d2025
215 _a317, [1] с.
_cил.
_d21
300 _aНа задней сторонке пер. авт.: Татьяна Гордеева, певица (сопрано), заслуж. работник культуры Респ. Татарстан, канд. филос. наук, д-р культурологии
300 _aРез. англ.
320 _aБиблиогр.: с. 283–317 (445 назв.)
320 _aДругие кн. авт. на задней сторонке пер.
333 _a12+
606 1 _aПение
_jУчебные издания для высших учебных заведений
_91120754
_3RU\NLR\AUTH\66124245
606 1 _aМузыка и философия
_jУчебные издания для высших учебных заведений
_92302877
_3RU\NLR\AUTH\661378635
606 1 _aВокальная музыка
_jУчебные издания для высших учебных заведений
_xИсполнительство
_xФилософские вопросы
_92213129
_3RU\NLR\AUTH\661329373
686 1 _aЩ310.714я73
686 1 _aЩ310.06я73
686 1 _aЮ802.453.1я73
700 1 _aГордеева
_bТ. Ю.
_gТатьяна Юрьевна
942 _cBOOK
980 _aNB